| 000 | 00628nam a2200157 4500 | ||
|---|---|---|---|
| 999 |
_c16259 _d16259 |
||
| 008 | 210907b ||||| |||| 00| 0 eng d | ||
| 022 | _a0732-8435 | ||
| 082 | _aDPer 657.05 C33 Apr - Sept 2016, v86 n4-9 | ||
| 100 |
_aBrown, Kevin F. _943581 |
||
| 245 |
_aPersonal disaster recovery plans: _bhelping individuals when tragedy occurs/ _cKevin F. Brown and Kathryn E. Easterday. |
||
| 260 |
_aNew York: _bThe New York State Society of CPA, _c©2016. |
||
| 300 |
_av86 n5, pages 50-53: _billustration; _c28 cm. |
||
| 650 |
_aBusiness _xDisaster recovery plan. _943582 |
||
| 700 |
_aEasterday, K. E. _eAuthor. _943583 |
||
| 942 |
_2ddc _cPER |
||